000
00261nam a2200097Ia 4500
001
663562
005
20250826160215.0
008
250824s9999 xx 000 0 und d
245
0
_a
FELATUN BEY İLE RAKIM EFENDİ
_c
AHMED MİDHAT EFENDİ
260
_b
DERGAH YAYINLARI
999
_c
663562
_d
663562